01243nam a22003617a 4500001001000000003000900010005001700019007000300036008003400039040005400073041001000127072002400137090001900161100002900180100002100209100002100230100001900251110007500270245012400345260003800469300001000507500002300517650002300540650003100563650001700594650002200611650002700633650000900660909003600669942000700705999001700712952015200729BR0503151BR-BrBNA20230928101921.0ta230509b bl.||||| |||| 00| 0 por d aBR-BrBNAbporcBiblioteca Nacional de Agricultura a(Por) aF30; F70; F08b3000  3000 BR05031511 aMenese-Filho, L.C. de L.1 aFerraz, P. de A.1 aSassagwa, M.R.Y.1 aFerreira, L.A.1 aUniversiade Federal do Acre, Rio Branco (Brasil). Parque Zoobotânico1 aComportamento de 21 espécies arbóreas tropicais madeireiras introduzidas no Parque Zoobotânico, Rio Branco - Acre3 aRio Branco, AC (Brasil): c1995.  a80 p. a30 ref.; 38 illus. aÁRVORE FLORESTAL aCOMPORTAMENTO DE VARIEDADE aSILVICULTURA aTAXONOMIA VEGETAL aMÉTODO ESTATÍSTICO aACRE a202309bLuciac55dLucia Elande cBK c68211d68211 002AGRIS40708AGROBASEa41918b41918l0o 3000 BR0503151p3000 BR0503151r2023-09-25t01yBK10d2023-09-25ePortaria Interministerial nº 164/94